Statistics for Florida to Washington

Click here to take the quiz!

General Stats

  • This quiz has been taken 48 times
  • The average score is 6 of 6

Answer Stats

HintAnswer% Correct
State 1Alabama
100%
State 6Idaho
93%
State 3Missouri
93%
State 2Tennessee
91%
State 4Nebraska
89%
State 5Wyoming
87%

Score Distribution

Percentile by Number Answered

Percent of People with Each Score

Your Score History

You have not taken this quiz